Statistiken für Staaten der USA mit der ältesten Bevölkerung

Klicken Sie hier um das Quiz zu spielen!

Allgemein

  • Dieses Quiz wurde 185 mal gespielt
  • Das Durchschnittsergebnis liegt bei 5 aus 10

Antwortstatistiken

DurchschnittsalterStaat% Korrekt
42.0Florida
74%
44.6Maine
72%
42.6Vermont
60%
43.2New Hampshire
54%
40.1Delaware
51%
40Montana
51%
39.8Michigan
46%
40.9Connecticut
39%
40.8Pennsylvania
33%
42.4West Virginia
33%

Verteilung der Resultate

Perzentil nach korrekt beantworteten Fragen

Anzahl Personen mit jedem Resultat

Ihre Resultats-Entwicklung

Sie haben dieses Quiz noch nicht gespielt